| 000 | 00814nam a2200217 4500 | ||
|---|---|---|---|
| 001 | 38403 | ||
| 003 | BD-RjUL | ||
| 005 | 20211209052806.0 | ||
| 008 | 151124s1968 xxu||||| |||| 00| 0 ben d | ||
| 035 | _a(BD-RjUL)38508 | ||
| 040 |
_aBD-RjUL _bben _cBD-RjUL |
||
| 041 | _aben | ||
| 082 |
_a891.44171 _bNAZ 1968 |
||
| 245 |
_aনজরুলের অগ্নিবীনা / _cআবুল কাশেম চৌধুরী সম্পাদিত |
||
| 260 |
_aঢাকা : _bসিটি লাইব্রেরী, _c১৯৬৮ |
||
| 300 |
_a৬৬ পৃ. ; _c২১ সেমি. |
||
| 650 |
_aবাংলা কবিতা _y২০ শতক _9118631 |
||
| 650 |
_aBengali poetry _y20th century. _9117731 |
||
| 700 |
_aচৌধুরী, আবুল কাশেম _9118632 |
||
| 942 |
_2ddc _cBK |
||
| 999 |
_c38403 _d38403 |
||